000 00393nam a2200145Ia 4500
008 220217s9999||||xx |||||||||||||| ||und||
020 _a978-0-07-059770-9
082 _a621.406 YAH
100 _aYahya, S.M
245 0 _aTurbines compressors and fans
250 _a3rd
260 _aTata mcgraw hill company Ltd
_bNew Delhi
_c2009
300 _aX, 913p
_b495
650 _aMECHANICHAL
999 _c179288
_d179288